Sanskrit grammar (Record no. 2472)

MARC details
000 -LEADER
fixed length control field 00545cam a2200205ua 4500
001 - CONTROL NUMBER
control field 2623
005 - DATE AND TIME OF LATEST TRANSACTION
control field 20260515113533.0
008 - FIXED-LENGTH DATA ELEMENTS--GENERAL INFORMATION
fixed length control field 110901n ii |||gr||||Z||||||eng
020 ## - INTERNATIONAL STANDARD BOOK NUMBER
International Standard Book Number 81-208-0620-4
040 ## - CATALOGING SOURCE
Transcribing agency MAIN
082 ## - DEWEY DECIMAL CLASSIFICATION NUMBER
Classification number 491.25
100 ## - MAIN ENTRY--PERSONAL NAME
Personal name Whitney, William Dwight,
Relator term Author.
245 11 - TITLE STATEMENT
Title Sanskrit grammar
Statement of responsibility, etc. by William Dwight Whitney
250 ## - EDITION STATEMENT
Edition statement 5th.
260 ## - PUBLICATION, DISTRIBUTION, ETC.
Place of publication, distribution, etc. Delhi:
Name of publisher, distributor, etc. Motilal banarsidass publishers pvt. ltd.,994.
300 ## - PHYSICAL DESCRIPTION
Extent xxii; 551p:
Dimensions 23cm.
653 ## - INDEX TERM--UNCONTROLLED
Uncontrolled term Assamese grammar
653 ## - INDEX TERM--UNCONTROLLED
Uncontrolled term Sanskrit grammar
942 ## - ADDED ENTRY ELEMENTS (KOHA)
Koha item type Books
Holdings
Withdrawn status Lost status Damaged status Not for loan Home library Current library Shelving location Date acquired Total checkouts Full call number Barcode Date last seen Date last checked out Copy number Price effective from Koha item type
        Naharkatiya College Library Naharkatiya College Library General stacks 09/19/2020 1 491.25 | WHI 3938 09/18/2025 09/18/2025 1 09/19/2020 Books